| 000 | 01857nam0a2200373 4500 | ||
|---|---|---|---|
| 001 | RU\NLR\BIBL_A\022091199 | ||
| 005 | 20240109165653.0 | ||
| 010 |
_a978-5-04-170754-5 _950 |
||
| 021 |
_aRU _bКН-П-23-069862 _9КН-П-23-7083 |
||
| 035 | _a(NLR Aleph) 022091199 | ||
| 090 |
_a12717585 _c12717585 |
||
| 100 | _a20231207d2023 u y0rusy50 ca | ||
| 101 | 1 |
_arus _cchi |
|
| 102 | _aRU | ||
| 105 | _aac||z|||010yy | ||
| 181 | 0 |
_ai _baxxe |
|
| 182 | 0 | _an | |
| 200 | 1 |
_aТибет: путь в светлое будущее _eв ознаменование 60-летней годовщины Демократической реформы Тибета _eсборник очерков _fсоставитель: Чжань Юнь (Zhang Yun) _g[перевод с китайского Н. В. Григорьева] |
|
| 203 |
_aТекст _bвизуальный _cнепосредственный |
||
| 210 |
_aМосква _cЭксмо _d2023 |
||
| 215 |
_a149, [2] с. _cил., цв. ил., портр. _d24 |
||
| 225 | 1 | _aБиблиотека литературы о Тибете | |
| 225 | 1 | _aСтраницы китайской культуры | |
| 300 | _aЗагл. и авт. ориг. также на кит. яз. | ||
| 300 | _aНад вып. дан. и в макете авт.: Чжань Юнь | ||
| 333 | _a12+ | ||
| 607 |
_aТибетский автономный район (Китай) _jСборники _xПолитика и управление _z1951 - _92456422 _3RU\NLR\AUTH\661460038 |
||
| 686 | 1 | _aТ3(5Кит-6Т)7я43 | |
| 702 | 0 |
_aЧжань Юнь _4220 |
|
| 702 | 1 |
_4730 _7ca _8rus _aГригорьев _bН. В. _cпереводчик _gНикита Владимирович _9263415 _3RU\NLR\AUTH\770263471 |
|
| 942 | _cBOOK | ||
| 980 | _aNB | ||